1768 1703 1517 1660 1709 1258 1865 1934 1200 1004 1631 1082 1371 1476 1743 1114 1846 1000 1338 1060 1309 1085 1955 1811 1705 1632 1610 1821 1020 1629 1346 1273 1562 1555 1934 1948 1935 1417 1051 1044 1042 1092 1391 1633 1209 1174 1006 1747 1722 1468 1918 1899 1448 1742 1544 1257 1462 1238 1261 1264 1132 1026 1888 1707 1075 1265 1591 1845 1480 1540 1372 1609 1146 1688 1718 1879 1391 1990 1678 1888 1872 1745 1317 1503 1175 1821 1841 1382 1277 1394 1021 1846 1177 1692 1530 1608 1733 1866 1943 BCNSPRNW ULIB Ver.6.0+V

เปลี่ยนเป็นภาษาไทย

Change to English
 แสดงรายละเอียดบรรณานุกรม
  กลับหน้าหลัก

Brief Record : Get Marc (ISO 2709) : E-mail record : QR code < ปิดหน้าต่าง
LEADER : 00000nam 2200000uu 4500
001    13399121978
003     ULIB
008    121218s2551||||th 000 0 tha d
020    ^a9789741391967
060  4 ^aWG340^bน674ส 2551
245 00 ^aสังเคราะห์ความรู้ความดันโลหิตสูง :^bฉบับรู้ทันผู้ป่วย /^cบรรณาธิการ นิวัต อุณฑพันธุ์ ... [และคนอื่น ๆ]
246 14 ^aสังเคราะห์องค์ความรู้ความดันโลหิตสูง ฉบับ--รู้ทันผู้ป่วย
250    ^aพิมพ์ครั้งที่ 1.
260    ^aนครราชสีมา :^bชมรมพยาบาลชุมชนแห่งประเทศไทย,^c2551.
300    ^a64 หน้า :^bภาพประกอบ
500    ^a"รวมข้อค้นพบจากงานวิจัยเรื่องจริงจากความรู้สึกของผู้ป่วยที่มีต่อระบบบริการสุขภาพ"
650  7 ^aความดันเลือดสูง^xการรักษาด้วยยา
650  7 ^aความดันเลือดสูง^xผู้ป่วย^xโภชนาการ
650  7 ^aความดันเลือดสูง
700 0  ^aนิวัต อุณฑพันธุ์,^eบรรณาธิการ
710 2  ^aสำนักงานกองทุนสนับสนุนการสร้างเสริมสุขภาพ
945    ^p100^l0^i15216
999    ^aกัณชพร
รายการนี้ยังไม่มีแท็ก
คุณยังไม่ได้ล็อกอิน คุณสามารถมีกิจกรรมร่วมกับเว็บไซต์ได้ แต่ต้องล็อกอินก่อน ::
  ล็อกอิน

รายการสื่อสารสนเทศ

ลำดับที่ ประเภท เลขเรียก/บาร์โค้ด สถานที่ สถานะ
1. วิทยาศาสตร์การแพทย์ และสุขภาพ
วิทยาศาสตร์การแพทย์ และสุขภาพ
WG340 น674ส 2551  
  Barcode: 15216
ห้องสมุดวิทยาเขตสวรรค์ประชารักษ์
►ส่วนจัดเก็บหนังสือเก่า สปร
บนชั้น
  ขอยืม

รายการใกล้เคียง
    หัวเรื่อง [ความดันเลือดสูง]

BibComment


ยังไม่เคยถูกคอมเมนท์

คอมเมนท์ทรัพยากรรายการนี้
  คอมเมนท์: สังเคราะห์ความรู..


 Copyright 2026. Bcnsprnw @Library